000
002390000a22000970004500
100
1
_a
Couchman, David
245
1
0
_a
Understanding the times
300
_a
Vol.23, núm.2 (Junio-Agosto, 2005), Páginas 47-53
773
0
_t
Evangel
942
_c
ANA
999
_c
60536
_d
60536